000 00700nam a2200217Ii 4500
003 JO-AjNU
008 230605s9999||||xx |||||||||||||| ||und||
017 _a1995/7/716
040 _aJO-AjNU
_bara
_erda
_cJO-AjNU
041 _aara
050 1 4 _aPJ7543. T33 1995
100 3 _aالطاهر، علي جواد,
_eauthor
_959501
245 0 0 _a محمد بن سلام وكتابه طبقات الشعراء
250 _aط1
264 3 1 _aعمان: دار الفكر للطباعة والنشر، 1995
300 _a303ص
336 _atext
_btxt
_2rdacontent
337 _aunmediated
_bn
_2rdamedia
338 _avolume
_bnc
_2rdacarrier
650 4 _aالشعر العربي - تراجم
_959502
999 _aA26779
_c30347
_d30347